00932nam a22002177a 4500999001700000003000900017008004100026040007100067082002300138100002200161245016200183260005300345300002800398505006300426650003200489650002900521650003000550942001600580945002000596952009800616 c18857d18857AR-CdUCM190515b ||||| |||| 00| 0 spa d aMUNICIPALIDAD PROVINCIAL DEL CUSCOcBIBLIOTECA MUNICIPAL DEL CUSCO a860.7 /bR1724ed. aRagucci, Rodolfo. aLetras castellanas : bLecciones de historia literaria española, desde los orígenes hasta nuestros día, con un apéndice sobre escritores argentinos / aBuenos Aires : bSociedad editora internacional, a805 páginas ;c24 cm. aContenido : Conforme a los programas escolares argentinos. aLiteratura española.9362 aTextos escolares. 94527 aLiteratura argentina.984 2ddccLIBROS arumd2019-05-15 002ddc4070aSHbSHcCARTd2019-05-15g120.00o860.7 / R17pSH0000013745r2019-05-15yLIBROS